00361nam a2200145Ia 4500008004100000020001800041041000800059082001700067100002100084245003400105250000600139260003800145300001200183650002000195210716s2004 xx 000 0 und d a9788131500439 aeng a621.395 ROTC aRoth, Charles H. aFundamentals of logic design. a5 aNew DelhibCengage Learningc2004 axxi,687 aDigital Systems